[Event "CRO-chT2"]
[Site "Medulin"]
[Date "1997.??.??"]
[Round "?"]
[White "Lamza, Nenad"]
[Black "Bozanic, Ivica"]
[Result "1/2-1/2"]
[WhiteElo "2245"]
[BlackElo "2305"]
[PlyCount "56"]
[EventDate "1997.??.??"]
[EventType "team-tourn"]
[EventRounds "9"]
[EventCountry "CRO"]
[SourceTitle "EXT 1999"]
[Source "ChessBase"]
[SourceDate "1998.11.16"]
[SourceVersion "1"]
[SourceVersionDate "1998.11.16"]
[SourceQuality "1"]

1. e4 e6 2. d4 d5 3. Nd2 Nc6 4. Ngf3 Nf6 5. e5 Nd7 6. Nb3 f6 7. Bb5 a5 8. a4 Na7 9. exf6 Qxf6 10. Bg5 Qf7 11. Bd3 Nc6 12. 0-0 Bd6 13. Bh4 h6 14. Re1 0-0 15. Bg3 Re8 16. Ne5 Ncxe5 17. dxe5 Be7 18. Qg4 h5 19. Qd1 h4 20. Re3 hxg3 21. Rf3 gxh2+ 22. Kh1 Bf6 23. exf6 Nxf6 24. Rg3 Qe7 25. Bg6 Rd8 26. Qd4 Qb4 27. Qe5 Qd6 28. Qg5 Qe7 1/2-1/2

[Event "CRO-chT2"]
[Site "Tucepi"]
[Date "1996.??.??"]
[Round "?"]
[White "Kristovic, Marijan"]
[Black "Lamza, Nenad"]
[Result "1-0"]
[WhiteElo "2255"]
[BlackElo "2270"]
[PlyCount "63"]
[EventDate "1996.??.??"]
[EventType "team-tourn"]
[EventRounds "9"]
[EventCountry "CRO"]
[SourceTitle "EXT 1998"]
[Source "ChessBase"]
[SourceDate "1997.11.17"]
[SourceVersion "1"]
[SourceVersionDate "1997.11.17"]
[SourceQuality "1"]

1. e4 c5 2. Nf3 e6 3. c3 d6 4. d4 Nd7 5. Bd3 Ngf6 6. 0-0 Qc7 7. Re1 e5 8. Na3 Be7 9. Bg5 0-0 10. Nc4 Re8 11. a4 Bf8 12. dxe5 dxe5 13. Ne3 h6 14. Bh4 Nh5 15. Nd5 Qd6 16. Bb5 a6 17. Bc4 Nb6 18. Nxb6 Qxb6 19. a5 Qc7 20. Bg3 Nxg3 21. hxg3 Bd7 22. Bd5 Bb5 23. c4 Bc6 24. Nd2 Rac8 25. b3 g6 26. Re3 Rcd8 27. Rd3 h5 28. g4 h4 29. g5 Be7 30. Qg4 Kg7 31. Rf3 Rf8 32. Qxh4 1-0

[Event "CRO-Cup"]
[Site "Pula"]
[Date "1994.??.??"]
[Round "2"]
[White "Lamza, Nenad"]
[Black "Viskic, Pavisa"]
[Result "1-0"]
[WhiteElo "2275"]
[BlackElo "2230"]
[PlyCount "100"]
[EventDate "1994.??.??"]
[EventType "swiss"]
[EventRounds "5"]
[EventCountry "CRO"]
[SourceTitle "EXT 1997"]
[Source "ChessBase"]
[SourceDate "1996.11.15"]
[SourceVersion "1"]
[SourceVersionDate "1996.11.15"]
[SourceQuality "1"]

1. e4 g6 2. d4 Bg7 3. Nf3 d6 4. Nc3 Nf6 5. h3 c6 6. a4 0-0 7. Be2 Nbd7 8. 0-0 e5 9. dxe5 dxe5 10. Be3 Qe7 11. Qd3 Ne8 12. a5 Qd6 13. Qc4 Qc7 14. Rfd1 h6 15. Nh4 Kh7 16. g3 Bf6 17. Ng2 Nd6 18. Qd3 Be7 19. Qd2 h5 20. f4 f6 21. f5 Rh8 22. Nh4 gxf5 23. exf5 Nf8 24. Rf1 Kg7 25. Kh2 Bd7 26. Qe1 Be8 27. Qf2 Nc8 28. Ne4 Bf7 29. c4 Rb8 30. Nc5 Nd6 31. b3 Rd8 32. Bf3 Nc8 33. Be4 b6 34. axb6 axb6 35. Na4 b5 36. cxb5 cxb5 37. Rfc1 Qb8 38. Nc5 Bxc5 39. Rxc5 Bxb3 40. Ra8 Nd6 41. Rxb8 Rxb8 42. Bd5 Bxd5 43. Rxd5 Nf7 44. Qe2 b4 45. Rb5 Nd7 46. Ba7 Ra8 47. Rb7 Rhd8 48. Qxh5 b3 49. Qg6+ Kf8 50. Bc5+ Ke8 1-0

[Event "CRO-Cup"]
[Site "Pula"]
[Date "1994.??.??"]
[Round "3"]
[White "Vlahov, Davor"]
[Black "Lamza, Nenad"]
[Result "0-1"]
[WhiteElo "2275"]
[BlackElo "2275"]
[PlyCount "54"]
[EventDate "1994.??.??"]
[EventType "swiss"]
[EventRounds "5"]
[EventCountry "CRO"]
[SourceTitle "EXT 1997"]
[Source "ChessBase"]
[SourceDate "1996.11.15"]
[SourceVersion "1"]
[SourceVersionDate "1996.11.15"]
[SourceQuality "1"]

1. d4 Nf6 2. Nc3 d6 3. e4 g6 4. Bg5 Bg7 5. e5 Nfd7 6. f4 f6 7. exf6 exf6 8. Bh4 0-0 9. Nf3 Nb6 10. Bd3 Re8+ 11. Kf2 Nc6 12. f5 g5 13. Bg3 Ne7 14. h4 Nxf5 15. Ne4 g4 16. h5 gxf3 17. h6 fxg2 18. hxg7 gxh1Q 19. Qxh1 d5 20. Nc5 Re5 21. Rg1 Nxg7 22. Qh6 Bf5 23. Bxe5 Bg6 24. Be4 dxe4 25. Qxg7+ Kxg7 26. Ne6+ Kf7 27. Nxd8+ Rxd8 0-1

[Event "CRO-chT"]
[Site "Pula"]
[Date "1993.??.??"]
[Round "2"]
[White "Lamza, Nenad"]
[Black "Begovac, Franja"]
[Result "0-1"]
[WhiteElo "2290"]
[BlackElo "2405"]
[PlyCount "52"]
[EventDate "1993.??.??"]
[EventType "team-tourn"]
[EventRounds "9"]
[EventCountry "CRO"]
[SourceTitle "EXT 1999"]
[Source "ChessBase"]
[SourceDate "1998.11.16"]
[SourceVersion "1"]
[SourceVersionDate "1998.11.16"]
[SourceQuality "1"]

1. e4 Nf6 2. e5 Nd5 3. d4 d6 4. Nf3 g6 5. Bc4 Nb6 6. Bb3 Bg7 7. 0-0 Nc6 8. Ng5 e6 9. d5 exd5 10. Bxd5 Nxd5 11. Qxd5 0-0 12. exd6 Qxd6 13. Qxd6 cxd6 14. Nc3 Bf5 15. Bf4 Rfd8 16. Rac1 Nd4 17. Rfe1 h6 18. Nge4 g5 19. Bg3 Bxe4 20. Nxe4 f5 21. c3 Nc6 22. Nxd6 f4 23. Re6 fxg3 24. hxg3 Rd7 25. Rc2 Rf8 26. g4 Nd8 0-1

[Event "CRO-chT"]
[Site "Pula"]
[Date "1993.??.??"]
[Round "4"]
[White "Lamza, Nenad"]
[Black "Hresc, Vladimir"]
[Result "0-1"]
[WhiteElo "2290"]
[BlackElo "2385"]
[PlyCount "50"]
[EventDate "1993.??.??"]
[EventType "team-tourn"]
[EventRounds "9"]
[EventCountry "CRO"]
[SourceTitle "EXT 1999"]
[Source "ChessBase"]
[SourceDate "1998.11.16"]
[SourceVersion "1"]
[SourceVersionDate "1998.11.16"]
[SourceQuality "1"]

1. c4 e5 2. a3 Nf6 3. d3 d5 4. cxd5 Nxd5 5. Nf3 Bd6 6. g3 0-0 7. Bg2 Nc6 8. 0-0 Bg4 9. Nc3 Nb6 10. Be3 Qd7 11. Re1 Rae8 12. Rc1 f5 13. Na4 Kh8 14. Nc5 Bxc5 15. Bxc5 Rf6 16. Be3 Nd5 17. Bg5 Rd6 18. h3 Bh5 19. Qa4 f4 20. gxf4 exf4 21. Rc5 Bxf3 22. Bxf3 Ne5 23. Qd1 Nxf3+ 24. exf3 h6 25. Rxe8+ Qxe8 0-1

[Event "CRO-chT"]
[Site "Pula"]
[Date "1992.??.??"]
[Round "4"]
[White "Lamza, Nenad"]
[Black "Mufic, Goran"]
[Result "0-1"]
[WhiteElo "2295"]
[BlackElo "2310"]
[PlyCount "74"]
[EventDate "1992.??.??"]
[EventType "team-tourn"]
[EventRounds "9"]
[EventCountry "CRO"]
[SourceTitle "EXT 2002"]
[Source "ChessBase"]
[SourceDate "2001.11.25"]
[SourceVersion "1"]
[SourceVersionDate "2001.11.25"]
[SourceQuality "1"]

1. e4 c5 2. Nf3 Nc6 3. d4 cxd4 4. Nxd4 g6 5. Nc3 Bg7 6. Nde2 d6 7. g3 Nf6 8. Bg2 0-0 9. 0-0 Bd7 10. h3 Rb8 11. a4 a6 12. Nd5 b5 13. axb5 axb5 14. Bg5 Nxd5 15. exd5 Ne5 16. b3 Bxh3 17. Ra7 Re8 18. Nd4 Bxg2 19. Kxg2 Qb6 20. Rxe7 Rxe7 21. Bxe7 Qc5 22. f4 Ng4 23. Qxg4 Qxd4 24. Qf3 Rc8 25. Qd3 Qxd3 26. cxd3 Rc5 27. f5 Be5 28. f6 h5 29. b4 Rxd5 30. Rc1 Kh7 31. Rc8 g5 32. Rf8 Kg6 33. Rg8+ Kf5 34. Rg7 Rxd3 35. Rxf7 Rxg3+ 36. Kf2 Rg4 37. Bd8 Ke6 0-1

[Event "Sokobanja op"]
[Site "Sokobanja"]
[Date "1989.??.??"]
[Round "4"]
[White "Kostic, Nebojsa"]
[Black "Lamza, Nenad"]
[Result "1-0"]
[WhiteElo "2230"]
[BlackElo "2350"]
[PlyCount "137"]
[EventDate "1989.??.??"]
[EventType "swiss"]
[EventRounds "9"]
[EventCountry "YUG"]
[SourceTitle "EXT 2002"]
[Source "ChessBase"]
[SourceDate "2001.11.25"]
[SourceVersion "1"]
[SourceVersionDate "2001.11.25"]
[SourceQuality "1"]

1. c4 Nf6 2. Nc3 g6 3. Nf3 Bg7 4. d4 d5 5. Qb3 dxc4 6. Qxc4 0-0 7. e4 Na6 8. Bf4 c5 9. Rd1 cxd4 10. Rxd4 Qb6 11. e5 Be6 12. Qb5 Nh5 13. Be3 f6 14. Bc4 Nc7 15. Qa4 Qc6 16. Bxe6+ Nxe6 17. Qb3 fxe5 18. Rc4 Qd7 19. 0-0 Kh8 20. Rd1 Qe8 21. Rb4 Nd8 22. Nb5 Nc6 23. Nc7 Qc8 24. Nxa8 Nxb4 25. Qxb4 Qxa8 26. Qxe7 Bf6 27. Qb4 Nf4 28. b3 a5 29. Qd6 Ne2+ 30. Kh1 Nc3 31. Re1 Qd8 32. Bc5 Re8 33. a4 Qxd6 34. Bxd6 e4 35. Nd2 Rd8 36. Nc4 b5 37. axb5 Nxb5 38. Bg3 Bc3 39. Rb1 Kg8 40. h4 Bb4 41. Kh2 Nd4 42. Bc7 Rd5 43. Rb2 Rb5 44. Be5 Nc6 45. Bc7 Kf7 46. Re2 Nd4 47. Re3 Rh5 48. g3 Rd5 49. Kg2 Kf6 50. Rxe4 Nxb3 51. Ne3 Rb5 52. Bd8+ Kf7 53. Ng4 h5 54. Ne5+ Kg7 55. Nc6 Bd6 56. Re6 Rd5 57. Bf6+ Kf7 58. Nd8+ Kf8 59. Bg5 Bc7 60. Bh6+ Kg8 61. Re8+ Kh7 62. Nf7 Be5 63. Nxe5 Kxh6 64. Re7 g5 65. Re6+ Kh7 66. hxg5 a4 67. g6+ Kh6 68. Re7 a3 69. Rh7+ 1-0

[Event "Mendrisio op"]
[Site "Mendrisio"]
[Date "1988.??.??"]
[Round "3"]
[White "Gast, Uriel"]
[Black "Lamza, Nenad"]
[Result "0-1"]
[WhiteElo "2245"]
[BlackElo "2360"]
[PlyCount "62"]
[EventDate "1988.10.??"]
[EventType "swiss"]
[EventRounds "9"]
[EventCountry "SUI"]
[SourceTitle "EXT 1997"]
[Source "ChessBase"]
[SourceDate "1996.11.15"]
[SourceVersion "1"]
[SourceVersionDate "1996.11.15"]
[SourceQuality "1"]

1. e4 c5 2. Nf3 a6 3. c4 e6 4. Nc3 Qc7 5. Be2 Nf6 6. 0-0 b6 7. Re1 Nc6 8. Bf1 Bd6 9. d3 Bb7 10. Bg5 Ng4 11. g3 f6 12. Bd2 0-0-0 13. a3 h5 14. Bh3 Rdf8 15. Rf1 f5 16. Nh4 Rh7 17. exf5 Nd4 18. Ne4 exf5 19. Nxd6+ Qxd6 20. Bg2 Bxg2 21. Kxg2 Qc6+ 22. f3 g5 23. Bxg5 f4 24. Re1 Rg7 25. Kg1 Rxg5 26. fxg4 Rxg4 27. Re4 f3 28. Qf1 Rxe4 29. dxe4 f2+ 30. Kh1 Qxe4+ 31. Ng2 Nc2 0-1

[Event "Biel MTO op"]
[Site "Biel"]
[Date "1988.??.??"]
[Round "8"]
[White "Lamza, Nenad"]
[Black "Heidenfeld, Mark"]
[Result "1/2-1/2"]
[WhiteElo "2360"]
[BlackElo "2280"]
[PlyCount "119"]
[EventDate "1988.??.??"]
[EventType "swiss"]
[EventRounds "11"]
[EventCountry "SUI"]
[SourceTitle "EXT 2023"]
[Source "ChessBase"]
[SourceDate "2022.10.05"]
[SourceVersion "1"]
[SourceVersionDate "2022.10.05"]
[SourceQuality "1"]

1. e4 e5 2. Nf3 Nc6 3. Bc4 Bc5 4. c3 Nf6 5. b4 Be7 6. d3 d6 7. 0-0 0-0 8. Nbd2 Be6 9. Re1 Bxc4 10. Nxc4 Kh8 11. Ne3 Ng8 12. a3 Qd7 13. d4 Bf6 14. Nd5 Rae8 15. Ra2 Bd8 16. Rae2 a6 17. dxe5 dxe5 18. Be3 f6 19. Rd2 Qc8 20. c4 Nce7 21. Nc3 Ng6 22. Qc1 Be7 23. Nd5 Rd8 24. Red1 Rfe8 25. c5 c6 26. Nb6 Qe6 27. Qc4 Nf8 28. Qxe6 Nxe6 29. Nc4 Rxd2 30. Rxd2 g6 31. Na5 Rb8 32. Kf1 Bd8 33. Rd7 Bc7 34. Nd2 Rd8 35. Rf7 Bxa5 36. bxa5 Rd3 37. Rxb7 Rxa3 38. Nc4 Rc3 39. Nd6 Nxc5 40. Ra7 g5 41. Nf7+ Kg7 42. g4 Kf8 43. Nd6 Ne7 44. Bxc5 Rxc5 45. Rxa6 Ng6 46. Ra8+ Ke7 47. Nf5+ Kd7 48. a6 Ra5 49. a7 Kc7 50. Nd6 Kxd6 51. Rd8+ Kc5 52. a8Q Rxa8 53. Rxa8 Kd4 54. Ra4+ Kd3 55. f3 c5 56. Ra3+ Kd2 57. Kf2 c4 58. Ra2+ Kd3 59. Ra6 Nf4 60. Rd6+ 1/2-1/2

[Event "Mendrisio op"]
[Site "Mendrisio"]
[Date "1988.??.??"]
[Round "4"]
[White "Lamza, Nenad"]
[Black "Rogers, Ian"]
[Result "0-1"]
[WhiteElo "2360"]
[BlackElo "2540"]
[PlyCount "74"]
[EventDate "1988.10.??"]
[EventType "swiss"]
[EventRounds "9"]
[EventCountry "SUI"]
[SourceTitle "EXT 1997"]
[Source "ChessBase"]
[SourceDate "1996.11.15"]
[SourceVersion "1"]
[SourceVersionDate "1996.11.15"]
[SourceQuality "1"]

1. e4 c5 2. Nf3 d6 3. d4 cxd4 4. Nxd4 Nf6 5. Nc3 Nc6 6. g3 e5 7. Nb3 h6 8. Bg2 Be7 9. 0-0 0-0 10. h3 a6 11. a4 Nb4 12. Be3 Be6 13. Nd5 Nbxd5 14. exd5 Bf5 15. c3 Rc8 16. Kh2 Be4 17. a5 Qd7 18. Bxe4 Nxe4 19. Qe2 f5 20. f4 Bf6 21. Nd2 Nxd2 22. Qxd2 Qb5 23. fxe5 Bxe5 24. Rf2 Rce8 25. Raf1 Qxa5 26. Rxf5 Rxf5 27. Rxf5 Qb5 28. Rf2 Qc4 29. Rf3 b5 30. Bf2 a5 31. Qd3 Qxd3 32. Rxd3 a4 33. Kg1 b4 34. Bd4 a3 35. bxa3 bxa3 36. Rd2 Bxd4+ 37. cxd4 Rb8 0-1

[Event "Mendrisio op"]
[Site "Mendrisio"]
[Date "1988.??.??"]
[Round "7"]
[White "Pernisco, Ermanno"]
[Black "Lamza, Nenad"]
[Result "1/2-1/2"]
[WhiteElo "2235"]
[BlackElo "2360"]
[PlyCount "167"]
[EventDate "1988.10.??"]
[EventType "swiss"]
[EventRounds "9"]
[EventCountry "SUI"]
[SourceTitle "EXT 1997"]
[Source "ChessBase"]
[SourceDate "1996.11.15"]
[SourceVersion "1"]
[SourceVersionDate "1996.11.15"]
[SourceQuality "1"]

1. d4 Nf6 2. Nf3 g6 3. c4 Bg7 4. Nc3 d5 5. Bg5 Ne4 6. Bf4 Nxc3 7. bxc3 c5 8. e3 Nc6 9. cxd5 Qxd5 10. Qb3 Qd8 11. Qa3 cxd4 12. cxd4 0-0 13. Be2 Qa5+ 14. Qxa5 Nxa5 15. 0-0 Be6 16. Rfc1 Rfc8 17. Bc7 Nc6 18. Bg3 Nb4 19. a4 Na2 20. Rxc8+ Rxc8 21. h3 Bd5 22. Ne1 Bf8 23. Bf3 Bxf3 24. Nxf3 Rc1+ 25. Rxc1 Nxc1 26. Kf1 e6 27. Nd2 Bb4 28. Nc4 Na2 29. Bb8 a6 30. a5 Nc1 31. Bd6 Bc3 32. Bc7 Bb4 33. Bd6 Bc3 34. Bc7 Kf8 35. Nd6 Ke7 36. Nxb7 Nb3 37. Ke2 Kd7 38. Bb6 Kc6 39. Nd8+ Kd5 40. Kd3 Bxa5 41. e4+ Kd6 42. Bxa5 Nxa5 43. Nxf7+ Ke7 44. Ne5 Nb3 45. Nc4 Nc1+ 46. Kd2 Nb3+ 47. Kc3 Nc1 48. Ne3 Kd6 49. Kc4 Ne2 50. h4 a5 51. g3 Nc1 52. Kb5 Nb3 53. Nc4+ Ke7 54. d5 exd5 55. exd5 Kd7 56. Ka4 Nc5+ 57. Kxa5 Ne4 58. Kb5 Nxf2 59. Nd2 Ng4 60. Ne4 Ne3 61. Kc5 h5 62. Kd4 Ng4 63. Nd2 Nh6 64. Ke5 Ng4+ 65. Kd4 Nh6 66. Ne4 Ng4 67. Kd3 Ne5+ 68. Ke3 Ke7 69. Kf4 Nf7 70. Ng5 Nh6 71. Ke5 Ng4+ 72. Kd4 Nh6 73. Kc5 Nf5 74. Ne4 Kd7 75. d6 Ke6 76. Kc6 Nd4+ 77. Kc7 Nb5+ 78. Kc6 Nd4+ 79. Kc5 Nf5 80. Ng5+ Kd7 81. Nf7 Ke6 82. Ng5+ Kd7 83. Ne4 Ke6 84. Kc6 1/2-1/2